Suelos de la región pampeana : procesos de formación /
Guardado en:
| Autor Principal: | |
|---|---|
| Autor Corporativo: | |
| Otros Autores: | , |
| Formato: | Libro |
| Idioma: | Spanish |
| Publicado: |
Buenos Aires :
Ediciones INTA,
2010.
|
| Acceso en línea: | Acceso a texto completo (pdf) Acceso a texto completo (epub) |
| Etiquetas: |
Agregar Etiqueta
Sin Etiquetas, Sea el primero en etiquetar este registro!
|
| LEADER | 01072nam a22002175a 4500 | ||
|---|---|---|---|
| 001 | EEA.libagro008337 | ||
| 008 | 130809s2010####ag#a##########000#0#spa#d | ||
| 005 | 20200414153315.0 | ||
| 245 | 1 | 0 | |a Suelos de la región pampeana : |b procesos de formación / |c Perla Amanda Imbellone, Jorge Eloy Giménez, José Luis Panigatti. |
| 260 | |a Buenos Aires : |b Ediciones INTA, |c 2010. | ||
| 300 | |a 288 p. : |b fot. col. ; |c 30 cm. | ||
| 530 | |a Disponible también en línea. | ||
| 020 | |a 9789871623402 | ||
| 100 | 1 | |a Imbellone, Perla Amanda. | |
| 700 | 1 | |a Giménez, Jorge Eloy. | |
| 700 | 1 | |a Panigatti, José Luis. | |
| 710 | 2 | |a Instituto Nacional de Tecnología Agropecuaria (Argentina) | |
| 082 | 0 | 4 | |a 631.478212 |
| 856 | 4 | 2 | |3 Acceso a texto completo (pdf) |u http://inta.gob.ar/sites/default/files/script-tmp-inta%5F-%5Fsuelos%5Fde%5Fla%5Fregin%5Fpampeana.pdf |
| 856 | 4 | 2 | |3 Acceso a texto completo (epub) |u http://inta.gob.ar/sites/default/files/script-tmp-inta%5F-%5Fsuelos%5Fde%5Fla%5Fregin%5Fpampeana%5F%5Fprocesos%5Fde%5Fforma.epub |
| 859 | |a AR-BbBCA |b BIB. AGRONOMIA |h 631.478212 |i I32 |p 2010/5750 | ||
